000 00756nam a22002657a 4500
003 CHAP
005 20220817042921.0
008 971013s1977 r 00010 d
010 _a59808
011 _a60780
035 _a64942
040 _cCHAP
082 _a635.9
_bH47Y
100 0 0 _aHerwig, Rob.
_955022
245 _aAsí se cultivan plantas de jardín
260 _aBarcelona :
_bInstituto Parramón Ediciones,
_c1977
300 _a62 p.
_b: ilus.
590 _aBATCH-UPD
_b10
_c20130110
_lUCH01
_h0515
590 _aCONVERSION
_b10
_c20130109
_lUCH01
_h1332
650 1 4 _aFloricultura.
_941822
650 1 4 _aPlantas ornamentales.
901 _aBK
942 _cLIBRO
949 _a635.9 H47Y
_bBC
_cLIBRO
_d-143453
_eLIBRO
_h57073
_i64942
_si
_t160.00
999 _c59808
_d59808